North American Birds of Prey - Statistics

General Stats
  • This quiz has been taken 533 times
    519 since last reset
  • The average score is 13 of 29
Answer Stats
Picture Answer % Correct
Bald Eagle
99%
Barn Owl
82%
Turkey Vulture
74%
Snowy Owl
72%
Peregrine Falcon
71%
Osprey
70%
Red-tailed Hawk
62%
Great Horned Owl
60%
California Condor
52%
American Kestrel
47%
Burrowing Owl
44%
Cooper's Hawk
44%
Northern Goshawk
40%
Barred Owl
39%
Great Gray Owl
38%
Long-eared Owl
36%
Merlin
36%
Red-shouldered Hawk
33%
Northern Harrier
31%
Short-eared Owl
30%
Eastern Screech-Owl
28%
Gyrfalcon
28%
Swallow-tailed Kite
26%
Harris's Hawk
24%
Northern Hawk Owl
23%
Northern Saw-whet Owl
22%
Elf Owl
21%
Rough-legged Hawk
20%
Flammulated Owl
12%
No matching quizzes found
Score Distribution
Percent of People with Each Score
Percentile by Number Answered
Your Score History
You have not taken this quiz since the last reset